Statistics for ALL Jurassic Park Dinosaurs - HARD EDITION

Click here to take the quiz!

General Stats

  • This quiz has been taken 1,676 times
    (1,103 since last reset)
  • The average score is 112 of 144

Answer Stats

HintAnswer% Correct
CC Season 2 | CC Season 3 | CC Season 4 | +7 othersTyrannosaurus Rex
99%
CC Season 1 | CC Season 2 | CC Season 3 | +8 othersVelociraptor
96%
Fallen Kingdom | Jurassic Park | Jurassic Park 3 | +2 othersTriceratops
94%
CC Season 1 | CC Season 2 | CC Season 3 | +5 othersBrachiosaurus
90%
CC Season 1 | Jurassic WorldIndominus Rex
88%
CC Season 4 | CC Season 5 | Jurassic Park 3Spinosaurus
88%
CC Season 1 | CC Season 2 | CC Season 3 | +5 othersStegosaurus
88%
CC Season 4 | CC Season 5 | Dominion | Jurassic ParkDilophosaurus
84%
Fallen KingdomIndoraptor
84%
CC Season 1 | CC Season 2 | CC Season 3 | +5 othersAnkylosaurus
80%
CC Season 1 | CC Season 2 | CC Season 3 | +7 othersParasaurolophus
80%
CC Season 1 | CC Season 2 | CC Season 3 | +5 othersCompsognathus
79%
CC Season 1 | CC Season 3 | CC Season 4 | +3 othersMosasaurus
78%
CC Season 1 | CC Season 2 | CC Season 3 | +7 othersPteranodon
78%
CC Season 1 | CC Season 2 | CC Season 5 | +2 othersCarnotaurus
77%
CC Season 3 | Fallen Kingdom | Jurassic Park | +2 othersGallimimus
75%
Dominion | Fallen KingdomAllosaurus
73%
Dominion | Fallen Kingdom | Jurassic WorldApatosaurus
72%
DominionGiganotosaurus
71%
The Lost WorldPachycephalosaurus
71%
CC Season 2 | CC Season 3 | CC Season 5 | Fallen KingdomBaryonyx
69%
CC Season 3 | CC Season 5 | Jurassic WorldDimorphodon
67%
CC Season 2 | CC Season 3 | CC Season 4 | +2 othersCeratosaurus
61%
CC Season 3Scorpios Rex
59%
DominionTherizinosaurus
59%
DominionAtrociraptor
57%
CC Season 1 | CC Season 2 | CC Season 3 | Fallen KingdomSinoceratops
56%
DominionQuetzalcoatlus
55%
Jurassic Park 3Corythosaurus
54%
DominionPyroraptor
54%
The Lost WorldMamenchisaurus
51%
Fallen KingdomStygimoloch
51%
DominionNasutoceratops
41%
CC Season 4Sabertooth Tiger
39%
CC Season 4 | CC Season 5Kentrosaurus
38%
CC Season 3Monolophosaurus
34%
CC Season 4 | CC Season 5Spinoceratops
32%
CC Season 5Nothosaurus
29%
CC Season 3Ouranosaurus
28%

Score Distribution

Percentile by Number Answered

Percent of People with Each Score

Your Score History

You have not taken this quiz since the last reset